| 000 | 00662cam a2200229 4500 | ||
|---|---|---|---|
| 008 | 090401t1997 xxu||||| |||| 00| 0 eng d | ||
| 020 | _a1860811019 | ||
| 035 | _a(Sirsi) u80986 | ||
| 041 | _aeng | ||
| 050 | _a690 | ||
| 110 | _aBuilding Research Establishment | ||
| 245 | _aInstalling BMS to meet electromagnetic compatibility requirements. | ||
| 260 |
_aLondon _bConstruction Research Communications Ltd _c1997 |
||
| 300 | _a12p. : ill. ; 30cm. | ||
| 350 | _a0 | ||
| 490 |
_aBRE Digest _v424 |
||
| 650 | _aBUILDING MANAGEMENT SYSTEMS | ||
| 650 | _aELECTRICAL INTERFERENCE | ||
| 690 |
_aBlock management _96220 |
||
| 942 | _n0 | ||
| 948 | _c22/09/1997 | ||
| 999 |
_c96658 _d96658 |
||